000 00635nam a22002297a 4500
005 20150330084652.0
008 150330b xxu||||| |||| 00| 0 eng d
020 _a0078602424
041 0 _aeng
080 _a004
100 _aJonhnson, Jack E.
245 _aKeyboarding:
_cJonhnson, Jack E.
260 _aNew York;
_bGlencoe McGraw-Hill
_c2004
300 _a157 f.:
_bme il.;
_c22 cm
650 _aKompjuterat
650 _aAplikimi i kompjuterëve
700 1 _aJack E. Jonson
700 1 _aJudith Chiri-Mulkey
700 1 _aDelores Sykes Cotton
700 1 _aCarole G. Stanley
942 _2udc
_cBK
999 _c612
_d612